Statistics for Ultimate City Crossword

Click here to take the quiz!

General Stats

  • This quiz has been taken 134 times
    (133 since last reset)
  • The average score is 13 of 26

Answers on the Map

Answers color-coded by a green-red scale on the quiz's map according to % correct below.
 

Answer Stats

Answer% Correct
(15) City Known As The Big Apple {New York}
94%
(8) Egypt's Capital {Cairo}
91%
(24) Canada's Capital {Ottawa}
90%
(6) Colombia's Capital {Bogota}
86%
(4) Jamaica's Capital {Kingston}
83%
(21) Australia City Home To Sydney Opera House {Sydney}
81%
(7) 5 Letter Anagram of "Tokyo" {Kyoto}
80%
(1) City Previously Known As "Calcutta" {Kolkata}
73%
(7) Biggest City In Pakistan {Karachi}
68%
(9) Indy 500 Takes Place Here {Indianapolis}
61%
(16) English City Where River Mersey Meets Irish Sea {Liverpool}
54%
(23) Biggest City In Myanmar {Yangon}
51%
(18) Australia's Most Liveable City {Adelaide}
50%
(3) Burkina Faso's Capital {Ouagadougou}
48%
(12) Chinese City Meaning "Southern Capital" {Nanjing}
44%
(25) Large City In Western Ukraine {Lviv}
42%
(11) City In Western Germany On The Ruhr River {Essen}
38%
(20) Capital Of China's Xinjiang Uyghur {Urumqi}
36%
(13) World's Officially Largest Francophone City {Kinshasa}
31%
(14) City In Russia With F1 Track {Sochi}
29%
(2) City In North America Home To North America's Only Castle {Toronto}
28%
(17) Capital City Of Brazil's Pernambuco {Recife}
21%
(5) Mexico City Found By Tyrant {Guadalajara}
21%
(10) City Home To Rajwada Palace {Indore}
17%
(19) New Zealand City On Lake Wakatipu {Queenstown}
15%
(22) City Originally Known As "Rio de Natal" {Durban}
12%

Score Distribution

Percentile by Number Answered

Percent of People with Each Score

Your Score History

You have not taken this quiz since the last reset